[Event "Politiken Cup"]
[Site "Helsingor DEN"]
[Date "2009.07.24"]
[Round "8"]
[White "Haubro,M"]
[Black "Pallesen,Jo"]
[Result "1-0"]
[WhiteElo "1855"]
[BlackElo "1701"]
[EventDate "2009.07.18"]

1. f4 d5 2. Nf3 Nf6 3. g3 Nc6 4. b3 Bf5 5. d3 Qd7 6. Bb2 Bh3 7. Ne5 Nxe5 8.
fxe5 Ng8 9. Nc3 Bxf1 10. Rxf1 c6 11. e4 e6 12. Qf3 g6 13. g4 h6 14. h4 Rh7
15. exd5 exd5 16. d4 O-O-O 17. O-O-O Be7 18. h5 gxh5 19. gxh5 Bg5+ 20. Kb1
Ne7 21. Ba3 Rg7 22. Bd6 b6 23. Ne2 Ng8 24. c4 dxc4 25. d5 c5 26. bxc4 Be7
27. Bxe7 Qxe7 28. Qf5+ Kb7 29. Rg1 Rg5 30. Rxg5 hxg5 31. Rf1 Nh6 32. Qf6
Qxf6 33. Rxf6 Rh8 34. Ng3 Rh7 35. Kc2 Ng4 36. Rf1 Nxe5 37. Kc3 Kc7 38. Rf5
Ng4 39. Rxg5 Nf6 40. Rf5 Ne8 41. Ne4 Nd6 42. Nxd6 Kxd6 43. Kd3 Ke7 44. Re5+
Kf6 45. Ke4 Rg7 46. d6 Rg4+ 47. Kf3 Rg8 48. Rd5 Ke6 49. d7 Rd8 50. a4 a6
51. h6 Kf6 52. Rd6+ Ke7 53. Rd1 Kf6 54. Rh1 Rh8 55. h7 Ke7 56. Rd1 Kd8 57.
Rd6 Rxh7 58. Rxb6 Rh3+ 59. Ke4 Kxd7 60. Rxa6 Rh4+ 61. Kd3 Rd4+ 62. Kc3 Rd6
63. Ra7+ Ke6 64. a5 f5 65. Rc7 f4 66. Rxc5 f3 67. Rh5 Rd1 68. Rh2 Ra1 69.
Kb4 Re1 70. a6 Kd6 71. Rf2 Ra1 72. Rxf3 Rb1+ 73. Rb3 Rf1 74. a7 Rf8 75. Ka5
Ra8 76. Ka6 Kc7 77. Rb8 Rxb8 78. axb8=Q+ Kxb8 79. Kb6 Kc8 80. Kc6 1-0

[Event "Politiken Cup"]
[Site "Helsingor DEN"]
[Date "2009.07.24"]
[Round "8"]
[White "Skovle,L"]
[Black "Barane,S"]
[Result "0-1"]
[WhiteElo "1677"]
[BlackElo "1854"]
[EventDate "2009.07.18"]

1. e4 c5 2. Nf3 g6 3. c3 Nf6 4. e5 Nd5 5. d4 e6 6. c4 Ne7 7. Nc3 cxd4 8.
Nxd4 a6 9. g3 Nbc6 10. Nf3 Bg7 11. Bf4 Qc7 12. Qe2 b6 13. Bg2 Bb7 14. O-O
h6 15. g4 h5 16. g5 Nf5 17. Rad1 Rb8 18. Rfe1 O-O 19. Bh3 Nce7 20. Ne4 Bxe4
21. Qxe4 Rbc8 22. b3 Rfd8 23. Bc1 Bf8 24. Ba3 b5 25. Bd6 Qb6 26. c5 Qa5 27.
b4 Qa4 28. Rd2 Nd5 29. Rb2 a5 30. bxa5 Qxa5 31. Rc1 Bxd6 32. exd6 Nxd6 33.
Qe1 Qxe1+ 34. Nxe1 Ne4 35. Rxb5 Nxg5 36. Bg2 Nf4 37. Bf1 Ngh3+ 38. Bxh3
Ne2+ 39. Kf1 Nxc1 40. Ra5 Ra8 41. Rb5 Nxa2 42. Bg2 Rab8 43. Bb7 Nc3 44. Rb3
Na4 45. Nd3 Kf8 46. Ne5 Nxc5 0-1

[Event "Politiken Cup"]
[Site "Helsingor DEN"]
[Date "2009.07.25"]
[Round "9"]
[White "Agrest,E"]
[Black "Nielsen,PH"]
[Result "1/2-1/2"]
[WhiteElo "2590"]
[BlackElo "2680"]
[EventDate "2009.07.18"]

1. d4 Nf6 2. c4 e6 3. Nf3 d5 4. Nc3 dxc4 5. e3 a6 6. a4 c5 7. Bxc4 Nc6 8.
O-O Be7 9. dxc5 Qxd1 10. Rxd1 Bxc5 11. Bd2 b6 12. Bd3 Bb7 13. Ne4 Nxe4 14.
Bxe4 f5 15. Bc2 Nb4 16. Bxb4 Bxf3 17. gxf3 1/2-1/2

[Event "Politiken Cup"]
[Site "Helsingor DEN"]
[Date "2009.07.25"]
[Round "9"]
[White "Tiviakov,S"]
[Black "Semcesen,D"]
[Result "1-0"]
[WhiteElo "2674"]
[BlackElo "2418"]
[EventDate "2009.07.18"]

1. e4 e5 2. Bc4 Nf6 3. d3 Nc6 4. Nf3 Be7 5. O-O O-O 6. Bb3 d6 7. c3 h6 8.
h3 Re8 9. Be3 Bf8 10. Nbd2 Be6 11. Ba4 Bd7 12. Nh2 a6 13. f4 b5 14. Bb3
exf4 15. Bxf4 Ne5 16. d4 Ng6 17. Bg3 c5 18. Qf3 cxd4 19. cxd4 Be6 20. Bc2
Rc8 21. Bd3 d5 22. e5 Nh7 23. Qf2 Be7 24. Nhf3 Ng5 25. Nxg5 Bxg5 26. a4
bxa4 27. Rxa4 Rb8 28. Rxa6 Rb6 29. Ra2 Qd7 30. Nb1 Reb8 31. Nc3 Rb4 32.
Rfa1 Bd8 33. Na4 Qe7 34. Kh2 h5 35. Bxg6 fxg6 36. Nc5 Bb6 37. Nxe6 Qxe6 38.
Ra8 Bd8 39. R1a6 Qf5 40. Qxf5 gxf5 41. e6 1-0

[Event "Politiken Cup"]
[Site "Helsingor DEN"]
[Date "2009.07.25"]
[Round "9"]
[White "Hansen,SuB"]
[Black "Sargissian,G"]
[Result "1/2-1/2"]
[WhiteElo "2554"]
[BlackElo "2667"]
[EventDate "2009.07.18"]

1. e4 e5 2. Nf3 Nc6 3. Bc4 Nf6 4. d3 Bc5 5. c3 d6 6. Bb3 a6 7. h3 O-O 8.
O-O Ba7 9. Re1 h6 10. Nbd2 Re8 11. Nf1 Be6 12. Bc2 d5 13. Bd2 Bc5 14. Ng3
dxe4 15. dxe4 Bf8 16. Qe2 g6 17. Be3 Nh7 18. Bb3 Bxb3 19. axb3 Qd7 20. b4
Rad8 21. Qc2 Nf6 22. Qb3 Qe6 23. Nd2 Nd7 24. Qxe6 Rxe6 25. Nc4 Nf6 26. f3
Ne8 27. Red1 Rxd1+ 28. Rxd1 Nd6 29. Nxd6 Rxd6 30. Ra1 Nd8 31. Nf1 Ne6 32.
Nd2 f6 33. Kf1 h5 34. h4 Kf7 35. g3 1/2-1/2

[Event "Politiken Cup"]
[Site "Helsingor DEN"]
[Date "2009.07.25"]
[Round "9"]
[White "Postny,E"]
[Black "Hillarp Persson,T"]
[Result "1/2-1/2"]
[WhiteElo "2647"]
[BlackElo "2596"]
[EventDate "2009.07.18"]

1. c4 Nf6 2. Nc3 e6 3. Nf3 d5 4. d4 c6 5. Qb3 Be7 6. Bg5 O-O 7. e3 Nbd7 8.
Bd3 b6 9. O-O Bb7 10. cxd5 Nxd5 11. Bxe7 Qxe7 12. Nxd5 exd5 13. Rfe1 Qd6
14. Rac1 g6 15. Qa4 a5 16. a3 Rfe8 17. Qb3 Kg7 18. Qc3 Kg8 19. h3 Re7 20.
b4 axb4 21. axb4 Ra4 22. Rb1 Re8 23. Bc2 Ra7 24. Ra1 Rxa1 25. Rxa1 Ra8 26.
Rxa8+ Bxa8 27. Bb3 Bb7 28. e4 Kg7 29. e5 Qe7 30. b5 c5 31. e6 Nf6 32. dxc5
bxc5 33. exf7 Kxf7 34. Ng5+ Kg8 35. Qe3 Qxe3 36. fxe3 c4 37. Bc2 Bc8 38.
Kf2 Kf8 39. Kg3 Ke7 40. Kf4 Kd6 41. Nf3 Nh5+ 42. Kg5 Ng3 43. Kf4 Nh5+ 44.
Kg5 Ng3 45. Kf4 Ne2+ 46. Kg5 1/2-1/2

[Event "Politiken Cup"]
[Site "Helsingor DEN"]
[Date "2009.07.25"]
[Round "9"]
[White "Kuzubov,Y"]
[Black "Thorfinnsson,Br"]
[Result "1-0"]
[WhiteElo "2635"]
[BlackElo "2377"]
[EventDate "2009.07.18"]

1. d4 Nf6 2. c4 e6 3. Nc3 Bb4 4. e3 b6 5. Bd3 Bb7 6. Nf3 Ne4 7. Qc2 f5 8.
O-O Bxc3 9. bxc3 O-O 10. Ne1 Qh4 11. f3 Nf6 12. Be2 Nc6 13. Nd3 Kh8 14. c5
Rae8 15. g3 Qh5 16. c4 Qg6 17. Bd1 bxc5 18. Nxc5 Ba8 19. Nd3 h6 20. Qd2 e5
21. d5 Nd8 22. Bc2 Nf7 23. Bb2 d6 24. Rad1 Ng5 25. Ne1 Bb7 26. Ng2 Bc8 27.
Nh4 Qh5 28. Rde1 Bd7 29. Qd1 Kg8 30. Kh1 Rb8 31. Bc3 e4 32. f4 Ng4 33. Qd4
Rf7 34. Bd1 Nf3 35. Rxf3 exf3 36. Bxf3 Kh7 37. h3 Re8 38. Kg2 g5 39. hxg4
fxg4 40. Be4+ Rxe4 41. Qh8+ 1-0

[Event "Politiken Cup"]
[Site "Helsingor DEN"]
[Date "2009.07.25"]
[Round "9"]
[White "Berg,E"]
[Black "Hector,J"]
[Result "1-0"]
[WhiteElo "2610"]
[BlackElo "2556"]
[EventDate "2009.07.18"]

1. e4 e5 2. Nf3 Nc6 3. Bb5 a6 4. Ba4 Nf6 5. O-O Be7 6. Re1 b5 7. Bb3 Bb7 8.
d4 Nxd4 9. Bxf7+ Kf8 10. Bb3 Nxb3 11. axb3 Bb4 12. Bd2 Bd6 13. Nc3 Qe7 14.
Bg5 Qf7 15. Bxf6 Qxf6 16. Nd5 Bxd5 17. exd5 g6 18. Re4 Kg7 19. Qe2 Rhe8 20.
b4 Re7 21. c3 c6 22. dxc6 dxc6 23. Qe3 Bc7 24. Ne1 Rd7 25. h3 Rd5 26. Nf3
Qd6 27. Re1 Re8 28. Qc1 c5 29. c4 bxc4 30. Rxc4 Bb6 31. Ng5 Qf8 32. bxc5
Rxc5 33. Ne4 Rxc4 34. Qxc4 a5 35. Rd1 Rd8 36. Rxd8 Qxd8 37. Qc6 Qc7 38.
Qf6+ Kg8 39. g4 Bc5 40. Qe6+ Kg7 41. Qf6+ Kg8 42. Qe6+ Kg7 43. Kg2 Qe7 44.
Qd5 Bd4 45. b3 Qf7 46. Qxf7+ Kxf7 47. Kf3 Ke6 48. Ke2 h5 49. f3 Kd5 50. Kd3
h4 51. Nf6+ Kc5 52. Nd7+ Kb4 53. Kc2 g5 54. Nf6 Bg1 55. Ne4 Be3 56. Nc3 Bd4
57. Nd5+ Ka3 58. Ne7 Kb4 59. Nc6+ Kb5 60. Nd8 Be3 61. Kd3 Bf4 62. Ke4 Kb4
63. Nc6+ Kb5 64. Nxe5 Kb4 65. Nc6+ Kxb3 66. Nxa5+ Kc3 67. Nc6 Kd2 68. Nd4
Ke1 69. Ne6 Bc1 70. f4 gxf4 71. Kf3 Kf1 72. g5 Kg1 73. g6 Bb2 74. Kxf4 1-0

[Event "Politiken Cup"]
[Site "Helsingor DEN"]
[Date "2009.07.25"]
[Round "9"]
[White "Larsen,Ka"]
[Black "Sebag,M"]
[Result "1/2-1/2"]
[WhiteElo "2337"]
[BlackElo "2531"]
[EventDate "2009.07.18"]

1. g3 d5 2. Bg2 e5 3. d3 c6 4. Nf3 Bd6 5. O-O Nf6 6. e4 O-O 7. Nc3 h6 8.
Re1 dxe4 9. dxe4 Bg4 10. h3 Bxf3 11. Qxf3 Nbd7 12. Bd2 Nc5 13. Rad1 Qe7 14.
Bc1 Rfd8 15. h4 b5 16. Bh3 Bc7 17. Bf5 Rxd1 18. Nxd1 Ba5 19. c3 Rd8 20. Be3
Bb6 21. Bh3 Ncxe4 22. Bxb6 axb6 23. Ne3 Rd2 24. Re2 Rxe2 25. Qxe2 Nd6 26.
Qd1 e4 27. Qb3 Qe5 28. Qa3 Nd5 29. Qa8+ Kh7 30. Ng4 Qe8 31. Qxe8 Nxe8 32.
Ne5 e3 33. f3 Nd6 34. Nxc6 Nc4 35. Nd4 Nxb2 36. Nxb5 Nd1 37. Bf5+ g6 38.
Bd3 N1xc3 39. Nxc3 Nxc3 40. a3 Kg7 41. f4 Kf6 42. Kg2 Ke7 43. Kf3 e2 44.
Bxe2 Nb1 45. a4 Nc3 46. Bb5 Kd6 47. Be8 Ke7 48. Bc6 f6 49. Ke3 Kd6 50. Be8
g5 51. fxg5 fxg5 52. hxg5 hxg5 53. Kf3 Ke5 54. Bc6 Kd6 55. Be8 Nd5 56. Bb5
Nf6 57. Ke3 Ke5 58. Bc6 Kd6 59. Bb5 Kc5 60. Kf3 Kd4 61. Bc6 Ke5 62. Bb5 Kf5
63. Bd3+ Ke5 64. Bb5 Kd6 65. Ke3 Kc5 66. Kf3 Kd5 67. Ba6 Ke5 68. Bb7 Kd4
69. Bc6 Ke5 70. Bb5 Kf5 71. Bd3+ Ke5 72. Bb5 1/2-1/2

[Event "Politiken Cup"]
[Site "Helsingor DEN"]
[Date "2009.07.25"]
[Round "9"]
[White "Cmilyte,V"]
[Black "Alsina Leal,D"]
[Result "1/2-1/2"]
[WhiteElo "2470"]
[BlackElo "2529"]
[EventDate "2009.07.18"]

1. d4 Nf6 2. c4 c5 3. Nf3 cxd4 4. Nxd4 e5 5. Nb5 d5 6. cxd5 Bc5 7. e3 O-O
8. N5c3 e4 9. Be2 Qe7 10. a3 a5 11. Nd2 Bf5 12. g4 Bg6 13. h4 h6 14. g5
hxg5 15. hxg5 Nh7 16. Bh5 Bf5 17. Bg4 Bg6 18. Bh5 Bf5 19. Bg4 Bg6 20. Bh5
1/2-1/2

[Event "Politiken Cup"]
[Site "Helsingor DEN"]
[Date "2009.07.25"]
[Round "9"]
[White "Schandorff,L"]
[Black "Petersen,To1"]
[Result "1-0"]
[WhiteElo "2510"]
[BlackElo "2310"]
[EventDate "2009.07.18"]

1. d4 Nf6 2. Nf3 g6 3. c4 Bg7 4. g3 O-O 5. Bg2 d6 6. Nc3 Nbd7 7. O-O e5 8.
e4 a6 9. h3 b5 10. Qc2 c6 11. c5 exd4 12. Nxd4 Nxc5 13. Nxc6 Qc7 14. Nb4
Bb7 15. Rd1 Rac8 16. Nbd5 Nxd5 17. Nxd5 Bxd5 18. Rxd5 Ne6 19. Qxc7 Rxc7 20.
Rxd6 Rfc8 21. Be3 Bxb2 22. Rad1 Bc1 23. Bb6 Rc2 24. e5 Bb2 25. Be3 Bc1 26.
Ba7 Re2 27. Rxa6 Rxe5 28. Rd5 Bb2 29. Be3 b4 30. Rxe5 Bxe5 31. Bd5 Nc7 32.
Rc6 Rd8 33. Bb3 Bd6 34. Bb6 Rd7 35. Rxd6 Rxd6 36. Bxc7 1-0

[Event "Politiken Cup"]
[Site "Helsingor DEN"]
[Date "2009.07.25"]
[Round "9"]
[White "Tazbir,M"]
[Black "Bach,Mat"]
[Result "1/2-1/2"]
[WhiteElo "2500"]
[BlackElo "2307"]
[EventDate "2009.07.18"]

1. e4 c5 2. Nf3 Nf6 3. e5 Nd5 4. Nc3 e6 5. Ne4 b6 6. d3 f5 7. exf6 Nxf6 8.
g3 Be7 9. Qe2 O-O 10. Bg2 Nc6 11. O-O Bb7 12. b3 Nxe4 13. dxe4 Nd4 14. Nxd4
cxd4 15. Bb2 e5 16. c3 a5 17. Rfd1 Ba6 18. Qg4 Rc8 19. Rac1 Bg5 1/2-1/2

[Event "Politiken Cup"]
[Site "Helsingor DEN"]
[Date "2009.07.25"]
[Round "9"]
[White "Carlstedt,J"]
[Black "Brynell,S"]
[Result "1/2-1/2"]
[WhiteElo "2309"]
[BlackElo "2471"]
[EventDate "2009.07.18"]

1. c4 Nf6 2. g3 e6 3. Bg2 d5 4. Nf3 c5 5. O-O Nc6 6. b3 Be7 7. e3 O-O 8.
Qe2 b6 9. Bb2 Bb7 10. d3 Qc7 11. Nc3 a6 12. cxd5 exd5 13. Rae1 b5 14. e4
Rfe8 15. exd5 Nb4 16. d4 Nfxd5 17. Nxd5 Bxd5 18. a3 Nc6 19. Qc2 c4 20. bxc4
bxc4 21. Nd2 Bxg2 22. Kxg2 Qb7 23. Kg1 Bf6 24. Rb1 Qd7 25. d5 Qxd5 26. Bxf6
gxf6 27. Qxc4 Qxc4 28. Nxc4 Ne5 29. Nd6 Red8 30. Rfd1 h5 31. f4 Ng4 32. Nf5
Kh7 33. h3 Nh6 34. Nxh6 Kxh6 35. Rxd8 Rxd8 36. Rb6 Rd3 37. Rxf6+ Kg7 38.
Rxa6 Rxg3+ 39. Kh2 Rf3 40. Ra4 h4 41. f5 Kf6 42. Ra5 Kg5 43. Kg2 1/2-1/2

[Event "Politiken Cup"]
[Site "Helsingor DEN"]
[Date "2009.07.25"]
[Round "9"]
[White "Fries Nielsen,JO"]
[Black "Thomassen,J"]
[Result "0-1"]
[WhiteElo "2439"]
[BlackElo "2300"]
[EventDate "2009.07.18"]

1. e4 c5 2. b3 Nf6 3. e5 Nd5 4. Bb2 Nc6 5. Nf3 e6 6. Bb5 Qc7 7. O-O a6 8.
Bxc6 Qxc6 9. d3 Be7 10. Qd2 b5 11. c4 Nb6 12. Nc3 Bb7 13. a4 bxa4 14. bxa4
Qc7 15. Qe3 O-O 16. Ne4 Bxe4 17. Qxe4 Rab8 18. Bc1 Nc8 19. Ng5 Bxg5 20.
Bxg5 d6 21. Bf4 d5 22. cxd5 Rb4 23. Qf3 exd5 24. g3 Qc6 25. Rfc1 Nb6 26. a5
Nd7 27. Qe2 Re8 28. Qd2 Qb5 29. Re1 Nf8 30. Qa2 Rd8 31. Bg5 Rd7 32. Qe2 Ne6
33. Be3 Rb2 34. Qf1 Rb3 35. Red1 d4 36. Bc1 Nc7 37. Qe2 Qc6 38. Bd2 Qb5 39.
Be1 Rd8 40. Rac1 Qc6 41. h4 Re8 42. h5 Qd5 43. f4 f6 44. Qg4 fxe5 45. h6 g6
46. f5 Qd7 47. Rxc5 Nb5 48. Bf2 Qxf5 49. Qe2 Rc3 50. Qa2+ Qf7 51. Qxf7+
Kxf7 52. Rxc3 dxc3 53. Kf1 g5 54. Ke2 Kg6 55. Rh1 Nd4+ 56. Kd1 Rb8 0-1

[Event "Politiken Cup"]
[Site "Helsingor DEN"]
[Date "2009.07.25"]
[Round "9"]
[White "Nielsen,LA"]
[Black "Antonsen,M"]
[Result "1/2-1/2"]
[WhiteElo "2233"]
[BlackElo "2438"]
[EventDate "2009.07.18"]

1. e4 e5 2. Nf3 Nc6 3. d4 exd4 4. Bc4 Nf6 5. Ng5 d5 6. exd5 Qe7+ 7. Kf1 Ne5
8. Qxd4 Nxc4 9. Qxc4 Qc5 10. Qe2+ Be7 11. Be3 Qxd5 12. Nc3 Qc6 13. Nb5
1/2-1/2

[Event "Politiken Cup"]
[Site "Helsingor DEN"]
[Date "2009.07.25"]
[Round "9"]
[White "Jacobsen,Bo"]
[Black "Pedersen,Stef"]
[Result "1/2-1/2"]
[WhiteElo "2303"]
[BlackElo "2435"]
[EventDate "2009.07.18"]

1. c4 f5 2. Nf3 Nf6 3. g3 g6 4. Bg2 Bg7 5. O-O d6 6. Nc3 O-O 7. Rb1 a5 8.
a3 Nc6 9. d3 Nh5 10. e3 e5 11. Nd5 Ne7 12. Bd2 c6 13. Nxe7+ Qxe7 14. b4
axb4 15. axb4 Be6 16. b5 c5 17. Qc2 Kh8 1/2-1/2

[Event "Politiken Cup"]
[Site "Helsingor DEN"]
[Date "2009.07.25"]
[Round "9"]
[White "Kristiansen,Jen"]
[Black "Wickstrom,L"]
[Result "1/2-1/2"]
[WhiteElo "2435"]
[BlackElo "2177"]
[EventDate "2009.07.18"]

1. d4 Nf6 2. Nf3 c5 3. d5 e6 4. Nc3 exd5 5. Nxd5 Nxd5 6. Qxd5 Be7 7. e4 O-O
8. Bc4 Nc6 9. Bf4 b5 10. Be2 Qa5+ 11. c3 b4 12. O-O bxc3 13. bxc3 Qxc3 14.
Rac1 Qa3 15. Ne5 Nxe5 16. Bxe5 Ba6 17. Rc3 Qxc3 18. Bxc3 Bxe2 19. Rb1 Bg4
20. Bxg7 Rab8 21. Rxb8 Rxb8 22. h3 Rb1+ 23. Kh2 Rd1 24. Qb3 Kxg7 25. hxg4
Rd4 26. Qe3 Ra4 27. Qe2 Rd4 28. f4 c4 29. Qb2 Bc5 30. g5 Kg8 31. Qb7 Bf8
32. f5 c3 33. Qc8 Rxe4 34. Qxc3 d5 35. Qc6 Rg4 36. Qf6 d4 37. Kh3 Rf4 38.
Kg3 Rf1 39. Qxd4 Rxf5 40. Qxa7 Rd5 41. a4 Rd3+ 42. Kg4 Rd8 43. a5 Rc8 44.
a6 Bc5 45. Qd7 Rf8 46. Kf5 Kg7 47. Qd5 Rc8 48. Qd7 Rf8 49. Kg4 Be3 50. Kh5
Bg1 51. Qd1 Ra8 52. Qa1+ Kg8 53. Kh6 Bd4 54. Qxd4 Rxa6+ 55. Qf6 Re6 56. g4
Rxf6+ 57. gxf6 Kh8 58. Kg5 Kg8 59. Kf5 h5 60. gxh5 Kh7 61. Kg5 Kg8 62. Kf4
Kh7 63. Kg5 Kg8 1/2-1/2

[Event "Politiken Cup"]
[Site "Helsingor DEN"]
[Date "2009.07.25"]
[Round "9"]
[White "Gandrud,V"]
[Black "Berg,K"]
[Result "0-1"]
[WhiteElo "2169"]
[BlackElo "2432"]
[EventDate "2009.07.18"]

1. d4 d5 2. c4 dxc4 3. e3 e6 4. Bxc4 Nf6 5. Nf3 c5 6. O-O a6 7. Nc3 b5 8.
Bb3 Bb7 9. Qe2 Nbd7 10. Rd1 Qb6 11. a4 b4 12. a5 Qa7 13. Na4 cxd4 14. exd4
Bd5 15. Bxd5 Nxd5 16. Ne5 Be7 17. Nc6 Qb7 18. Nxe7 Nxe7 19. Bf4 Nd5 20. Bd6
Qc6 21. Bg3 O-O 22. Rdc1 Qb7 23. Nc5 Nxc5 24. dxc5 Rac8 25. Be5 Ne7 26. Bd6
Rfe8 27. Bxe7 Rxe7 28. Qc4 Rec7 29. h3 g6 30. Qd4 Qb5 31. Rc4 Rxc5 32. Rxb4
Qe2 33. Rf1 Rxa5 34. Qd7 Rf8 35. Rb7 Rf5 36. Qc7 h5 37. Rb8 Rxb8 38. Qxb8+
Kg7 39. Qb6 Rd5 40. Qb4 Rd2 41. Qc3+ e5 42. b4 Rd1 43. Rxd1 Qxd1+ 44. Kh2
Qd4 45. Qc7 Qxb4 46. Qxe5+ Kh7 47. Qc7 Qb3 48. Qe5 Qb5 49. Qf6 Qc4 50. Qe5
Qe6 51. Qa5 Qd6+ 52. Kg1 Qd1+ 53. Kh2 Qe2 54. Qc5 Qb5 55. Qa7 Kg8 56. Qd4
a5 57. Qd8+ Kg7 58. Qd4+ Kh7 59. g4 hxg4 60. Qxg4 Qb8+ 61. Kg1 Qe5 62. Qc4
Kg7 63. Kg2 Qb2 64. Qf4 Qa1 65. h4 Qf6 66. Qc4 Qe5 67. Qa4 Kh6 68. Qc4 Kg7
69. Qa4 Qd5+ 70. Kg1 Kh6 71. Kh2 Kh5 72. Kg3 Qe5+ 73. Kg2 f5 74. Qd7 Kxh4
75. Qd8+ Kh5 76. Qd1+ Kh6 77. Qd2+ f4 78. Qd7 Qe4+ 79. Kg1 a4 80. Qd6 f3
81. Qf8+ Kh5 82. Qh8+ Kg4 83. Qc8+ Qf5 84. Qc4+ Kh3 85. Qf1+ Kh4 0-1

[Event "Politiken Cup"]
[Site "Helsingor DEN"]
[Date "2009.07.25"]
[Round "9"]
[White "Tadjerbashi,A"]
[Black "Aloma Vidal,R"]
[Result "0-1"]
[WhiteElo "2193"]
[BlackElo "2418"]
[EventDate "2009.07.18"]

1. e4 Nf6 2. e5 Nd5 3. d4 d6 4. c4 Nb6 5. exd6 exd6 6. Nc3 Nc6 7. Be3 Be7
8. Bd3 O-O 9. Nge2 Nb4 10. b3 Nxd3+ 11. Qxd3 c6 12. O-O d5 13. c5 Nd7 14.
Ng3 b6 15. Na4 a5 16. Rfe1 b5 17. Nc3 b4 18. Nce2 a4 19. Bd2 Qa5 20. a3 Qa6
21. Qe3 axb3 22. Bxb4 Bf6 23. Rab1 g6 24. Rxb3 Bg7 25. Qf4 Nf6 26. h3 h5
27. Bd2 Qc4 28. Reb1 Re8 29. Be3 Ba6 30. Kh2 Nh7 31. Rb8 Nf8 32. Rxa8 Rxa8
33. h4 Qa2 34. Re1 Qxa3 35. Qd6 Bb5 36. Ng1 Ne6 37. Nf3 Qa7 38. Ne2 Rd8 39.
Qg3 Qa5 40. Nf4 Nf8 41. Bd2 Qa7 42. Kg1 Ra8 43. Nh3 Qd7 44. Nhg5 f6 45. Nh3
Bd3 46. Nh2 Be4 47. Nf4 Ra2 48. Be3 Qa7 49. Nf1 Qf7 50. f3 Bf5 51. Bf2 Kh7
52. Ne3 Bc8 53. Nh3 Bxh3 54. gxh3 Ne6 55. Ng2 f5 56. Qd6 Nxd4 57. Bxd4
Bxd4+ 58. Kh1 Ra7 59. Qxc6 Rc7 60. Qa8 Bxc5 61. Qd8 Bd4 62. Nf4 Rd7 63. Qc8
Bf6 64. Re8 Rc7 65. Rf8 Qe7 66. Qe8 Qxe8 67. Rxe8 Rd7 68. Nd3 Re7 69. Rc8
Bxh4 70. Rc6 Bg3 0-1

[Event "Politiken Cup"]
[Site "Helsingor DEN"]
[Date "2009.07.25"]
[Round "9"]
[White "Lund,E"]
[Black "Flermoen,P"]
[Result "1-0"]
[WhiteElo "2412"]
[BlackElo "2027"]
[EventDate "2009.07.18"]

1. Nf3 c5 2. c4 Nf6 3. Nc3 Nc6 4. d4 cxd4 5. Nxd4 g6 6. e4 Bg7 7. Be3 d6 8.
Be2 O-O 9. O-O Bd7 10. Qd2 Nxd4 11. Bxd4 Bc6 12. f3 Nd7 13. Be3 a5 14. b3
Nc5 15. Rac1 Qb6 16. Nb5 Bxb5 17. cxb5 Rfd8 18. Rfd1 Qc7 19. Bc4 Rac8 20.
b4 axb4 21. Qxb4 Ra8 22. b6 Qc8 23. Bb3 Ra6 24. Kh1 e6 25. Bg5 Rd7 26. Ba4
Rxa4 27. Qxa4 h6 28. Bh4 g5 29. Bg3 Rd8 30. Qc2 Bf8 31. e5 dxe5 32. Bf2 Nd3
33. Qxc8 Rxc8 34. Rxc8 Nxf2+ 35. Kg1 Nxd1 36. a4 Nb2 37. a5 Na4 38. a6 Nxb6
39. axb7 Nd7 40. Rd8 Kg7 41. Rxd7 Bc5+ 42. Kf1 Ba7 43. Rd8 1-0

[Event "Politiken Cup"]
[Site "Helsingor DEN"]
[Date "2009.07.25"]
[Round "9"]
[White "Mikkelsen,N"]
[Black "Brondum,E"]
[Result "0-1"]
[WhiteElo "2399"]
[BlackElo "2122"]
[EventDate "2009.07.18"]

1. d4 d5 2. Nf3 c6 3. Nc3 Nf6 4. Qd3 Nbd7 5. Bg5 Qa5 6. Bd2 Qc7 7. e4 dxe4
8. Nxe4 Nxe4 9. Qxe4 Nf6 10. Qe5 Qxe5+ 11. Nxe5 Bf5 12. O-O-O e6 13. b3 Rd8
14. Ba5 Ba3+ 15. Kb1 b6 16. Bc3 O-O 17. Bb2 Bd6 18. Nc4 Ne4 19. Nxd6 Rxd6
20. Re1 Nxf2 21. Rg1 Rfd8 22. Re2 Nd1 23. Ba1 c5 24. g4 Bg6 25. Bg2 cxd4
26. Rxd1 d3 27. cxd3 Rxd3 28. Rde1 Rxb3+ 29. Kc1 Rb1+ 0-1

[Event "Politiken Cup"]
[Site "Helsingor DEN"]
[Date "2009.07.25"]
[Round "9"]
[White "Arvola,B"]
[Black "Skytte,R"]
[Result "1-0"]
[WhiteElo "2144"]
[BlackElo "2396"]
[EventDate "2009.07.18"]

1. e4 d5 2. exd5 Nf6 3. d4 Bg4 4. Nf3 Nxd5 5. h3 Bh5 6. Be2 e6 7. O-O Be7
8. c4 Nb6 9. Qb3 Bxf3 10. Bxf3 Nc6 11. Be3 Rb8 12. Rd1 O-O 13. Qc2 Bf6 14.
d5 Ne5 15. Be4 Nbxc4 16. Bxa7 Nxb2 17. Bxb8 Nxd1 18. Bxc7 Qd7 19. Nd2 Nb2
20. d6 Nbd3 21. Rb1 Nf4 22. Rxb7 Ne2+ 23. Kh1 Nd4 24. Qb1 Nf5 25. Rb8 g6
26. Rxf8+ Kxf8 27. Qb4 Kg7 28. Nb3 Nc6 29. Qb5 Ne5 30. Nc5 Qc8 31. Qb7 Qf8
32. Qa8 Qxa8 33. Bxa8 Nd4 34. d7 Nb5 35. Bxe5 1-0

[Event "Politiken Cup"]
[Site "Helsingor DEN"]
[Date "2009.07.25"]
[Round "9"]
[White "Struch,T"]
[Black "Bulski,K"]
[Result "0-1"]
[WhiteElo "2154"]
[BlackElo "2392"]
[EventDate "2009.07.18"]

1. e4 e5 2. Nf3 Nc6 3. Bb5 a6 4. Bxc6 dxc6 5. O-O Ne7 6. Nxe5 Qd4 7. Qh5 g6
8. Qg5 Bg7 9. Nd3 f5 10. e5 c5 11. b3 b6 12. Bb2 Qg4 13. Qe3 Nd5 14. Qe1
Bb7 15. f3 Qg5 16. f4 Qd8 17. Nc3 Ne7 18. Qf2 Nc6 19. Ne2 Qe7 20. Ng3 O-O-O
21. Ne1 h5 22. Nf3 h4 23. Ne2 h3 24. g3 Nb4 25. a3 Nxc2 26. Rac1 Rd3 27.
Nh4 Nd4 28. Bxd4 cxd4 29. Nxd4 Rxh4 30. gxh4 Qd7 31. Ne2 Qd5 32. Ng3 Rxd2
0-1

[Event "Politiken Cup"]
[Site "Helsingor DEN"]
[Date "2009.07.25"]
[Round "9"]
[White "Holst,C"]
[Black "Rantanen,Y"]
[Result "0-1"]
[WhiteElo "2159"]
[BlackElo "2376"]
[EventDate "2009.07.18"]

1. d4 Nf6 2. c4 e6 3. Nc3 Bb4 4. e3 O-O 5. Bd3 d5 6. Nge2 b6 7. O-O Bb7 8.
cxd5 exd5 9. Bd2 Re8 10. Ng3 a6 11. a3 Bd6 12. Nf5 Bf8 13. b4 Nbd7 14. Rb1
g6 15. Ng3 Bd6 16. f3 Rb8 17. Qe2 Qc8 18. Rfc1 c5 19. bxc5 bxc5 20. dxc5
Nxc5 21. Na4 Qc6 22. Rb6 Qxa4 23. Rxd6 Nfd7 24. Bb4 Nxd3 25. Qxd3 a5 26.
Rc7 Ne5 27. Qd4 axb4 28. axb4 Bc6 29. Ra7 Qxb4 30. Qxb4 Rxb4 31. h3 Rc4 32.
Ne2 Rc8 33. Nd4 Rc5 34. f4 Nc4 35. Rf6 Be8 36. Kf2 R5c7 37. Ra1 Nd2 38. Rb6
Ne4+ 39. Kf3 Rc1 40. Rxc1 Rxc1 0-1

[Event "Politiken Cup"]
[Site "Helsingor DEN"]
[Date "2009.07.25"]
[Round "9"]
[White "Bruehl,A"]
[Black "Porte,H"]
[Result "1-0"]
[WhiteElo "2360"]
[BlackElo "2115"]
[EventDate "2009.07.18"]

1. d4 Nf6 2. c4 e6 3. Nf3 b6 4. g3 Bb7 5. Bg2 c5 6. d5 exd5 7. Nh4 d6 8.
Nc3 Nbd7 9. cxd5 Be7 10. O-O g6 11. f4 Ba6 12. Re1 Nh5 13. Nf3 b5 14. e4 b4
15. e5 O-O 16. Ne4 Nb6 17. f5 gxf5 18. exd6 Bxd6 19. Nxd6 Qxd6 20. Nh4 Ng7
21. Bf4 Qd7 22. d6 Rae8 23. Qc2 Rxe1+ 24. Rxe1 Re8 25. Rxe8+ Qxe8 26. h3
Qc8 27. Bh6 c4 28. Qd2 Qc5+ 29. Kh2 f4 30. Qxf4 Bc8 31. Qf6 Ne6 32. Nf5 Nd7
33. Ne7+ 1-0

[Event "Politiken Cup"]
[Site "Helsingor DEN"]
[Date "2009.07.25"]
[Round "9"]
[White "Hansen,MM"]
[Black "Aabling Thomsen,J"]
[Result "0-1"]
[WhiteElo "2144"]
[BlackElo "2344"]
[EventDate "2009.07.18"]

1. d4 Nf6 2. c4 g6 3. Nc3 d5 4. cxd5 Nxd5 5. Na4 e5 6. a3 e4 7. e3 Bg7 8.
Qc2 O-O 9. Bd2 Nc6 10. Ne2 Re8 11. O-O-O a5 12. Nec3 Bf5 13. Nxd5 Qxd5 14.
Bc4 Qd6 15. Bc3 Reb8 16. Bb5 Na7 17. Be2 b5 18. Nc5 b4 19. axb4 axb4 20.
Be1 Nc6 21. Nb3 Na5 22. Nc5 b3 23. Qb1 Nc6 24. Bc3 Nb4 25. Nxe4 Qc6 26. Bf3
Qc4 27. g4 Na2+ 28. Kd2 Nxc3 29. bxc3 Ra2+ 30. Ke1 Bxe4 31. Qxe4 Qxc3+ 32.
Kf1 Qb2 33. Kg2 Qxf2+ 34. Kh3 g5 0-1

[Event "Politiken Cup"]
[Site "Helsingor DEN"]
[Date "2009.07.25"]
[Round "9"]
[White "Korley,K"]
[Black "Burmeister,R"]
[Result "1-0"]
[WhiteElo "2143"]
[BlackElo "2333"]
[EventDate "2009.07.18"]

1. e4 e6 2. d4 d5 3. Nc3 Bb4 4. e5 c5 5. a3 Ba5 6. b4 cxd4 7. Qg4 Kf8 8.
bxa5 dxc3 9. a4 Nc6 10. Nf3 Nge7 11. Ba3 h5 12. Qf4 Kg8 13. Bd3 Nf5 14. Rg1
f6 15. g4 fxe5 16. Nxe5 Qc7 17. gxf5 Qxe5+ 18. Qxe5 Nxe5 19. f6 Nxd3+ 20.
cxd3 g6 21. Bd6 e5 22. Bxe5 Bf5 23. Bxc3 Rh7 24. Kd2 Rc8 25. Bd4 Rhc7 26.
Ra2 a6 27. Rb2 Re8 28. f4 Rf7 29. Be5 Rd8 30. Rb4 Kh7 31. h4 Kg8 32. Ke3
Kf8 33. Kd4 Kg8 34. Rgb1 Bd7 35. Rxb7 Bxa4 36. Rxf7 Kxf7 37. Rb7+ Rd7 38.
Rxd7+ Bxd7 39. Kxd5 Ba4 40. d4 Ke8 41. Kd6 Bb3 42. d5 Kf7 43. Kc6 Bc4 44.
d6 Bb5+ 45. Kc7 Ke6 46. f7 1-0